Roof coverings. (Record no. 60394)

MARC details
000 -LEADER
fixed length control field 00735cam a2200181 4500
001 - CONTROL NUMBER
control field ABS60748
008 - FIXED-LENGTH DATA ELEMENTS--GENERAL INFORMATION
fixed length control field 000000n1999 000 0 eng u
035 ## - SYSTEM CONTROL NUMBER
System control number (Sirsi) u101240
110 ## - MAIN ENTRY--CORPORATE NAME
Corporate name or jurisdiction name as entry element Building Conservation Journal
9 (RLIN) 3797
245 ## - TITLE STATEMENT
Title Roof coverings.
260 ## - PUBLICATION, DISTRIBUTION, ETC.
Date of publication, distribution, etc. 1999
490 ## - SERIES STATEMENT
Series statement RICS Building Conservation Journal
Volume/sequential designation (22) Spring/Summer 1999, 9-20(12)
520 ## - SUMMARY, ETC.
Summary, etc. A feature on roof coverings, looking at the historical development of pitched roofing, Horsham slating, stone slating (including Collyweston stone slating), and the corrosion of lead roofing, using the roof of the Great Hall at Hampton Court as a case study.
650 ## - SUBJECT ADDED ENTRY--TOPICAL TERM
Topical term or geographic name entry element ROOF COVERINGS
650 ## - SUBJECT ADDED ENTRY--TOPICAL TERM
Topical term or geographic name entry element HAMPTON COURT
690 ## - LOCAL SUBJECT ADDED ENTRY--TOPICAL TERM (OCLC, RLIN)
Topical term or geographic name as entry element CONSERVATION
942 ## - ADDED ENTRY ELEMENTS (KOHA)
Suppress in OPAC 0
Holdings
Withdrawn status Lost status Source of classification or shelving scheme Damaged status Not for loan Home library Current library Shelving location Date acquired Total Checkouts Full call number Barcode Date last seen Copy number Price effective from Koha item type
    Dewey Decimal Classification     London London Journal article 02/11/1999   ABS60748 101240-1001 06/08/2019 1 06/08/2019 Journal article